Problema razvitiia v sovremennom estestvoznanii; sbornik statei.
Saved in:
| Other Authors: | |
|---|---|
| Format: | Book |
| Language: | Russian |
| Published: |
Moskva,
Izd-vo Moskovskogo universiteta,
1968.
|
| Subjects: | |
| Tags: |
Add Tag
No Tags, Be the first to tag this record!
|
| LEADER | 00865cam a2200253 i 4500 | ||
|---|---|---|---|
| 001 | 006369159-0 | ||
| 005 | 20160409160027.0 | ||
| 008 | 760812s1968 ru 000 0 rus d | ||
| 016 | 7 | |a 7608997 |2 DNLM | |
| 035 | 0 | |a ocm14477925 | |
| 040 | |a NLM |c NLM |d HLS | ||
| 050 | 4 | |a Q175 |b .P889 | |
| 060 | 0 | |a Q 175 |b P9625 1968 | |
| 245 | 0 | 0 | |a Problema razvitiia v sovremennom estestvoznanii; |b sbornik statei. |c Pod red. D. I. Gordeeva [i dr.] |
| 260 | |a Moskva, |b Izd-vo Moskovskogo universiteta, |c 1968. | ||
| 300 | |a 318 p. | ||
| 500 | |a Temporary cataloging. | ||
| 655 | 2 | |a Collected Works. | |
| 650 | 2 | |a Science. | |
| 650 | 0 | |a Science |x Philosophy. | |
| 700 | 1 | |a Gordeev, Demʹi︠a︡n Ignatʹevich. | |
| 776 | 0 | 8 | |i Online version: |t Problema razvitiia v sovremennom estestvoznanii. |d Moskva, Izd-vo Moskovskogo universiteta, 1968 |w (OCoLC)676862833 |
| 988 | |a 20020608 | ||
| 906 | |0 OCLC | ||


